THE STORY OF MY LIFE (Record no. 5745)
[ view plain ]
| 000 -LEADER | |
|---|---|
| fixed length control field | 00306nam a22001337a 4500 |
| 020 ## - INTERNATIONAL STANDARD BOOK NUMBER | |
| ISBN | 81-7229-055-1 |
| 082 ## - DEWEY DECIMAL CLASSIFICATION NUMBER | |
| Classification number | 920 |
| Item number | MAH/S |
| 100 ## - MAIN ENTRY--AUTHOR NAME | |
| Personal name | GANDHI, M. K |
| 245 ## - TITLE STATEMENT | |
| Title | THE STORY OF MY LIFE |
| 260 ## - PUBLICATION, DISTRIBUTION, ETC. (IMPRINT) | |
| Place of publication | AHMEDABAD |
| Name of publisher | NAVAJIVAN PUBLISHING HOUSE |
| 300 ## - PHYSICAL DESCRIPTION | |
| Number of Pages | 96 |
| 650 ## - SUBJECT ADDED ENTRY--TOPICAL TERM | |
| Topical Term | LIFE OF GANDHI |
| Geographic subdivision | INDIA |
| 942 ## - ADDED ENTRY ELEMENTS (KOHA) | |
| Koha item type | Books |
| Withdrawn status | Lost status | Collection code | Home library | Current library | Shelving location | Date acquired | Source of acquisition | Full call number | Accession Number | Koha item type |
|---|---|---|---|---|---|---|---|---|---|---|
| Reference | Main Library | Main Library | SHELF-17-J-BIOGRAPHIES & AUTOBIOGRAPHIES | 04/04/2016 | PURCHASE | 920 MAH/S | 04147 | Books | ||
| Reference | Main Library | Main Library | SHELF-17-L-BIOGRAPHIES & AUTOBIOGRAPHIES | 14/05/2009 | PURCHASE | 920 MAH/S | 03842 | Books |